Walter Payton quiz ( Hard Edition) - Statistics

General Stats
  • This quiz has been taken 26 times
    21 since last reset
  • The average score is 15 of 19
Answer Stats
Hint Answer % Correct
How many teams did he play for? 1
100%
What year did he help lead his team to the Super Bowl? 1985
100%
What number was he? 34
100%
How many Pro Bowls did he go to? 9
100%
What year was he drafted? 1975
94%
How many touchdowns did Walter Payton throw in his career 8
94%
What year did he retire? 1987
89%
What year did he die? 1999
83%
Who is the only player to beat his rushing yards record? Emmitt Smith
83%
Who was the quarterback for that team? Jim Mcmahon
83%
Who was his coach for the Super Bowl team? Mike Ditka
83%
What year was he inducted into the Hall of Fame? 1993
78%
What running back did Walter Payton beat out for the All-Time rushing yard leader? Jim Brown
72%
What bears defensive lineman scored a touchdown as a running back in the Super Bowl? William Perry
72%
What college did he go to? Jackson State
67%
Where was he born? Mississippi
67%
What award is named after him? Walter Payton Man of the Year
67%
What is his son's name? Jarrett
44%
How many rushing yards did he end his career with? 16,726
28%
No matching quizzes found
Score Distribution
Percent of People with Each Score
Percentile by Number Answered
Your Score History
You have not taken this quiz since the last reset